000 00456nmm a2200157Ia 4500
008 251105s9999||||xx |||||||||||||||||und||
020 _a9789580610779
041 _aspa
100 _aMeneses Potosi, Sandro
245 0 _aChaman :
_b El último guerrero
264 _a[Bogotá, Colombia] :
_bOveja Negra,
_c2016
300 _a266 páginas
650 _aScience fiction & Fantasy
856 _uhttps://public.digitaliapublishing.com/a/46699
942 _cCF
999 _c94793
_d94793